Радиохимия и химия ядерных процессов: учебное пособие

Chi tiết về thư mục
Tác giả khác: Мурин А. Н. Андрей Николаевич (редактор)
Ngôn ngữ:Tiếng Nga
Được phát hành: Ленинград, Госхимиздат, 1960
Những chủ đề:
Định dạng: MixedMaterials Sách
KOHA link:https://koha.lib.tpu.ru/cgi-bin/koha/opac-detail.pl?biblionumber=36531

MARC

LEADER 00000nam0a2200000 4500
001 36531
005 20231031002046.0
035 |a (RuTPU)RU\TPU\book\37005 
035 |a BOOK00003657 
090 |a 36531 
100 |a 20011210d1960 m y0rusy50 ca 
101 0 |a rus 
102 |a RU 
105 |a a j 000zy 
200 1 |a Радиохимия и химия ядерных процессов  |e учебное пособие  |f под ред. А. Н. Мурина 
210 |a Ленинград  |c Госхимиздат  |d 1960 
215 |a 784 с.  |c ил. 
610 1 |a радиохимия 
610 1 |a химия 
610 1 |a ядерные процессы 
610 1 |a радиоактивные изотопы 
610 1 |a получение 
610 1 |a меченые соединения 
610 1 |a химические процессы 
610 1 |a учебные пособия 
675 |a 539.16(075.8)  |v 3 
702 1 |a Мурин  |b А. Н.  |g Андрей Николаевич  |4 340 
801 0 |a RU  |b 63413507  |c 20011210  |g PSBO 
801 2 |a RU  |b 63413507  |c 20220119  |g PSBO 
900 |a Специальная химия 1 
942 |c BK